000 00410nab a2200145Ia 4500
003 ES-SlBCS
005 20210601124257.0
008 140529s1951 xxu||||| |||| 00| 0 eng d
041 _aeng
100 1 _aKurguz, Nicholas
_9138964
245 0 4 _aThe Russian Newman
_c Nicholas Kurguz
600 1 4 _aSoloviev, Vladimir
_921827
773 0 _tDominicana
_gvol. 36, nº. 4, 1951, págs. 271-276
_wRev1398
942 _cAR
999 _c512177
_d512177